| 000 | 00357nam a22001577a 4500 | ||
|---|---|---|---|
| 020 | _a978-0-439944-60-1 | ||
| 082 |
_a823 _bGAN/H |
||
| 100 | _aGANERI, ANITA | ||
| 245 | _aHORRIBLE GEOGRAPHY | ||
| 246 | _aBLOOMIN RAIN FORESTS | ||
| 260 |
_aLONDON _bSCHOLASTIC CHILDRENS BOOKS _c2008 |
||
| 300 | _a128 | ||
| 520 | _aSTORY | ||
| 650 | _aSTORY | ||
| 942 | _cBK | ||
| 999 |
_c5761 _d5761 |
||